000 01068nam a2200325Ia 4500
003 OSt
005 20221007125722.0
006 a|||||r|||| 00| 0
007 ta
008 221006b |||||||| |||| 00| 0 eng d
020 _a0444409297 (hbd)
_cRs.1450.00
024 _a76535
037 _b956, 05/03/2007, Vibha Books International
_cTextual
040 _aCDL
_cCDL
_beng
041 _2eng
_aeng
082 _aE33, L2 Carc
100 _aFeigl Fritz
245 0 _aSpot tests in inorganic analysis
_b Anger Vinzenz Oesper Ralph E Tr.
250 _a6
260 _aAmsterdam
_bElsevier Science
_c1972
300 _axxix,669p.
_ccm.
500 _aIncludes bibliographical references.
650 _a Inorganic chemistry
_9185095
650 _a Spot analysis
_9722365
650 _aChemistry
700 _a Anger Vinzenz
700 _a Oesper Ralph E Tr.
_9722366
942 _hE33, L2 Carc
_cTEXL
_2CC
999 _c1215757
_d1215757